One mind, two languages bilingual language processing
Includes bibliographical references (p. [191]-208) and index.
Gespeichert in:
| 1. Verfasser: | |
|---|---|
| Format: | Buch |
| Sprache: | Undetermined |
| Veröffentlicht: |
Malden, MA
Blackwell
2001
|
| Schlagworte: | |
| Online Zugang: | http://lrc.tdmu.edu.vn/opac/search/detail.asp?aID=2&ID=24675 |
| Tags: |
Tag hinzufügen
Keine Tags, Fügen Sie den ersten Tag hinzu!
|
| Thư viện lưu trữ: | Trung tâm Học liệu Trường Đại học Thủ Dầu Một |
|---|
| LEADER | 00815nam a2200217Ia 4500 | ||
|---|---|---|---|
| 001 | TDMU_24675 | ||
| 008 | 210410s9999 xx 000 0 und d | ||
| 082 | |a 404.2019 | ||
| 090 | |b N302 | ||
| 100 | |a Nicol, Janet L | ||
| 245 | 0 | |a One mind, two languages | |
| 245 | 0 | |b bilingual language processing | |
| 245 | 0 | |c edited by Janet L. Nicol | |
| 260 | |a Malden, MA | ||
| 260 | |b Blackwell | ||
| 260 | |c 2001 | ||
| 300 | |a xii, 219 p. | ||
| 520 | |a Includes bibliographical references (p. [191]-208) and index. | ||
| 650 | |a Bilingualism |x Psychological aspects.; Psycholinguistics; Second language acquisition.; Song ngữ |x Khía cạnh tâm lý; Tâm lý học | ||
| 856 | |u http://lrc.tdmu.edu.vn/opac/search/detail.asp?aID=2&ID=24675 | ||
| 980 | |a Trung tâm Học liệu Trường Đại học Thủ Dầu Một | ||